000 00482nam a2200193Ia 4500
005 20240823054159.0
008 240823s9999||||xx |||||||||||||| ||und||
020 _a978-93-83103-07-2
041 _aENGLISH
082 _A621.4021 Q3
100 _aVijayaraghavan G K
245 0 _aEngineering thermodynamics
250 _a9th
260 _c2013
_bLakshmi Puplications Ch
500 _aYES
650 _aThermodynamics
_bMechanical
700 _a Sundravalli s
942 _cBK
999 _c225861
_d225861